000 00583nam a2200157Ia 4500
003 GCL
008 140319s9999 xx 000 0 aFre d
040 _aGCL /
_cGCL
082 0 4 _aCC
_b050.941
_bI B \\=aIFAOv
245 1 0 _aBULLETIN CRITIQUE DES ANNALES ISLAMOLOGIQUES: TOME 3.1986 - TOME 4.1987 - TOME 5.1988 - TOME 6.1989 - TOME 7.1990 - TOME 8.1992 - TOME 9.1992 - TOME 10.1993 - TOME 11.1994 - TOME 12.1996 - TOME 13.1997 - TOME 14.1998
260 _aالقاهرة :
_bI.F.A.O
300 _a32 CM ؛
_cMULTI
650 0 4 _aHISTORY
650 0 4 _aPERIODICALS
942 _2ddc
_cBK
999 _c17811
_d17811